| 000 | 00467nam a2200169Ia 4500 | ||
|---|---|---|---|
| 008 | 151213s9999 xx 000 0 und d | ||
| 020 | _a812032967-8 | ||
| 100 | _aR.L.Boylested , L. Nashelsky | ||
| 245 |
_aElectronic Devices & Circuit Theory _cR.L.Boylested , L. Nashelsky |
||
| 250 | _a9th | ||
| 260 |
_aU S A _bPrantic Hall _c2007 |
||
| 300 | _a5281 p. | ||
| 650 | _aComputer | ||
| 650 | _aComputer | ||
| 700 | _aR.L.Boylested , L. Nashelsky | ||
| 999 |
_c3254 _d3254 |
||